Loading...

Indian education in transition issues and trends in school and college education /

Bibliographic Details
Main Author: Srivastava, R. C.
Format: Printed Book
Language:English
Published: New Delhi : National Book Organisation, 1988.
LEADER 00528nam a2200133Ia 4500
008 150624b xxu||||| |||| 00| 0 eng d
082 |a 370.954 
100 |a Srivastava, R. C. 
245 |a Indian education in transition issues and trends in school and college education /  |c R. C. Srivastava 
260 |a New Delhi :  |b National Book Organisation,  |c 1988. 
300 |a 344 p. 
942 |c BK 
999 |c 43134  |d 43134 
952 |0 0  |1 0  |4 0  |6 370_954000000000000_SRI_I  |7 0  |9 43128  |a UL  |b UL  |c ST1  |d 1998-09-01  |l 0  |o 370.954 SRI/I  |p 63250  |r 2012-10-27  |w 2012-10-27  |y BK